000 00394nam a2200145Ia 4500
008 220216s9999 xx 000 0 und d
100 _aBayrou O
245 0 _aEpidemiology of Type IV allergies to rubber chemical additives
260 _bClinical Reviews in Allergy
_c1993
300 _a421-425
500 _aSource Year: 1995
650 _aRubber additives
856 _uIRRDB
942 _cJS
999 _c58714
_d58714